| 000 | 00456nam a22001697a 4500 | ||
|---|---|---|---|
| 003 | NUST - PNEC | ||
| 005 | 20170116180953.0 | ||
| 008 | 150908b xxu||||| |||| 00| 0 eng d | ||
| 020 | _a- | ||
| 040 | _cLIBRARY | ||
| 082 | _a621.38173 HBC | ||
| 100 |
_99219 _aHearst Business Communications |
||
| 245 |
_aFunction index & selection guides ICMASTER _cHearst Business Communication |
||
| 260 | _cc.2000 | ||
| 650 |
_99221 _aICMASTER _xEE |
||
| 942 |
_2ddc _cBK |
||
| 999 |
_c66473 _d66473 |
||